Responses for Show #7017 - Tuesday, March 3, 2015

Contestants

[<< previous game]

Erin Summers, an actuary from Reno, Nevada

Alvin Chin, a tutor from Highland Park, New Jersey

Thomas Phillips, a graduate student originally from Greenville, Alabama (whose 1-day cash winnings total $25,601)

[next game >>]

Jeopardy! Round responses

THE CARTER FAMILY
(Alex: Think politics, not music.)
SNAKES
BOB RHYME
STATE CAPITAL HEADQUARTERS
ALL THINGS GOLDEN
(Meryl Davis: I'm Meryl Davis.) (Charlie White: And I'm Charlie White. We're the first Americans to win an Olympic gold medal in ice dancing.) (Meryl: We're going to take you inside the world of...)
ICE DANCING
    $200 9
governor of Georgia

Alvin
    $200 30
an asp

Alvin
    $200 22
a slob

Alvin
    $200 5
[Applause for Thomas' running the category.]

Atlanta

Thomas
    $200 21
a hen (or a goose)

Erin
    $200 7
the waltz

Thomas
    $400 11
Billy

Erin
    $400 23
an anaconda

Thomas
    $400 26
a snob

Erin
    $400 4
Boston

Thomas
    $400 20
the Golden Gate Bridge

Erin
    $400 27
Derek Hough

Triple Stumper
    $600 12
Earl

Thomas
    $600 15
a cobra

Thomas
    $600 14
the Blob

Alvin
    $1,800 3
St. Paul

Thomas
    $600 19
50

Erin
    $600 6
Torvill and Dean

Erin
    $800 8
Amy

Erin
    $800 13
keratin

Thomas
    $800 25
a cob

Thomas
    $800 2
Hartford

Thomas
    $800 17
golden retriever

Thomas
    $800 28
"Scheherazade"

Erin
    $1000 16
Lillian

Thomas
    $1000 10
a python

Erin
    $1000 24
a throb

Thomas
    $1000 1
Salt Lake City

Thomas
    $1000 18
(Alvin: Who is Moses?)
...
(Alex: [*], his brother.)
[Laughter because Erin answered a clue about [*].]

Aaron

AlvinErin
    $1000 29
twizzles

Erin

Scores at the first commercial break (after clue 16):

Thomas Alvin Erin
$7,400 $800 $2,800

Scores at the end of the Jeopardy! Round:

Thomas Alvin Erin
$10,400 $200 $7,200

Double Jeopardy! Round responses

THE CROSS
WOMEN AUTHORS
GEOGRAPHIC ETYMOLOGY
TRIPLE TALK SONGS
OH "NO"!
DRUNK HISTORY
    $400 25
(International Committee of) the Red Cross

Alvin
    $400 28
(Alice) Walker

Alvin
    $400 8
Australia

Alvin
    $400 11
"Yummy Yummy Yummy"

Erin
    $400 24
the nosecone

Erin
    $400 1
(Ulysses) Grant

Erin
    $800 27
(Thomas: What is a grave?)

the roadside

ThomasErin
    $800 30
(Suzanne) Collins

Erin
    $800 7
the Colorado

Alvin
    $800 12
ding ding ding

Erin
    $800 23
(Thomas: What is a no decision?)

[Originally ruled incorrect, ruled correct before Final Jeopardy]

no contest

Thomas
    $800 2
vodka

Alvin
    $1200 26
love

Erin
    $1200 29
Bridget Jones

Erin
    $3,800 6
the Canary Islands

Erin
    $1200 13
"Let It Snow! Let It Snow! Let It Snow!"

Thomas
    $1200 20
a nocturne

Thomas
    $1200 3
the Freedom Trail

Thomas
    $1600 10
St. Andrew

Erin
    $1600 14
(Janet) Evanovich

Alvin
    $1600 5
Prince Albert

Erin
    $1600 22
"Music! Music! Music!"

Erin
    $1600 19
notions

Erin
    $7,500 18
(Jackson) Pollock

Alvin
    $2000 9
(Thomas: What's a crucifix?)

a pectoral

Thomas
Triple Stumper
    $2000 15
Dame Muriel Spark

Triple Stumper
    $2000 4
Hungary

Triple Stumper
    $2000 21
(Thomas: What is "Say My Name, Say My Name, Say My Name"?)

"Bills, Bills, Bills"

Thomas
Triple Stumper
    $2000 17
a nodule (or node)

Alvin
    $2000 16
(Sam) Houston

Alvin

Scores at the end of the Double Jeopardy! Round:

Thomas Alvin Erin
$10,000 $16,100 $23,400

[wagering suggestions for these scores]

Final Jeopardy! Round responses

U.S. STATES
ThomasWhat is Georg
$6,101
AlvinWhat is Alaska?
$16,000
ErinWhat is Conn
$9,000
Alaska

Final scores:

Thomas Alvin Erin
$3,899 $32,100 $14,400
3rd place: $1,000 New champion: $32,100 2nd place: $2,000

Game dynamics:

Coryat scores:

Thomas Alvin Erin
$8,800 $10,200 $20,800
18 R
(including 1 DD),
3 W
13 R
(including 1 DD),
1 W
24 R
(including 1 DD),
0 W

Combined Coryat: $39,800

[game clues] [game scores] [suggest correction]

Game tape date: Unknown
The J! Archive is created by fans, for fans. Scraping, republication, monetization, and malicious use prohibited; this site may use cookies and collect identifying information. See terms. The Jeopardy! game show and all elements thereof, including but not limited to copyright and trademark thereto, are the property of Jeopardy Productions, Inc. and are protected under law. This website is not affiliated with, sponsored by, or operated by Jeopardy Productions, Inc. Join the discussion at JBoard.tv.